Online
Catalog

Comunión : (Record no. 22939)

MARC details
000 -CABECERA
campo de control de longitud fija 00831nam a2200241 a 4500
001 - NÚMERO DE CONTROL
campo de control 000023443
005 - FECHA Y HORA DE LA ÚLTIMA TRANSACCIÓN
campo de control 20200930022225.0
008 - DATOS DE LONGITUD FIJA--INFORMACIÓN GENERAL
campo de control de longitud fija 101208s1994 sp r 000 0 spa d
040 ## - FUENTE DE LA CATALOGACIÓN
Centro catalogador/agencia de origen DO-SdBNP
Lengua de catalogación spa
Centro/agencia transcriptor BNPHU
082 ## - NÚMERO DE LA CLASIFICACIÓN DECIMAL DEWEY
Número de clasificación 264.36
Número de documento/Ítem R263c
100 1# - ENTRADA PRINCIPAL--NOMBRE DE PERSONA
Nombre de persona Ray, Sondra
9 (RLIN) 44722
240 10 - TÍTULO UNIFORME
Título uniforme Inner comunion
Lenguaje de la obra Español.
245 10 - MENCIÓN DE TÍTULO
Título Comunión :
Resto del título manual práctico /
Mención de responsabilidad, etc. Sondra Ray ; traducción, Amalia Peradejordi ; prólogo Robert Coon.
260 ## - PUBLICACIÓN, DISTRIBUCIÓN, ETC.
Lugar de publicación, distribución, etc. Barcelona, España :
Nombre del editor, distribuidor, etc. Ediciones Obelisco,
Fecha de publicación, distribución, etc. 1994.
300 ## - DESCRIPCIÓN FÍSICA
Extensión 175 p. ;
Dimensiones 21 cm.
490 1# - MENCIÓN DE SERIE
Mención de serie Nueva consciencia
500 ## - NOTA GENERAL
Nota general Para comulgar con tu corazón y llenar tu vida de luz
650 #4 - PUNTO DE ACCESO ADICIONAL DE MATERIA--TÉRMINO DE MATERIA
Término de materia o nombre geográfico como elemento de entrada Eucaristia
9 (RLIN) 48308
650 #4 - PUNTO DE ACCESO ADICIONAL DE MATERIA--TÉRMINO DE MATERIA
Término de materia o nombre geográfico como elemento de entrada Comunión
9 (RLIN) 48309
700 12 - PUNTO DE ACCESO ADICIONAL--NOMBRE DE PERSONA
Nombre de persona Peradejordi, Amalia
Término indicativo de función/relación traductor
9 (RLIN) 48310
700 12 - PUNTO DE ACCESO ADICIONAL--NOMBRE DE PERSONA
Nombre de persona Coon, Robert
Término indicativo de función/relación prólogo
9 (RLIN) 48311
830 #0 - PUNTO DE ACCESO ADICIONAL DE SERIE-TÍTULO UNIFORME
Título uniforme Nueva consciencia
9 (RLIN) 48106
Holdings
Estado de retiro Estado de pérdida Restricciones de uso No para préstamo Código de colección Localización permanente Ubicación/localización actual Ubicación en estantería Fecha de adquisición Número de inventario Total de préstamos Signatura topográfica completa Código de barras Fecha visto por última vez Precio válido a partir de Tipo de ítem Koha
        Monografías: Libros y Folletos General General En catalogación 08.12.2010 LF1   264.36 R263c 23443-10 25.06.2020 25.06.2020 Préstamo en sala
        Monografías: Libros y Folletos Patrimonio Dominicano Patrimonio Dominicano Orden iniciada 05.06.2017 LF1   264.36 R263c 23443-20 25.06.2020 25.06.2020 No se presta

Powered by Koha